000 00789nam a2200217Ia 4500
999 _c35874
_d35874
001 1765
003 GE_BSU
005 20240206115534.0
008 181216s2005||||ge |||||||||||||| ||geo||
020 _a9994040324
040 _cGE_BSU
041 _ageo
080 _a547(075.8) ო–53
245 _aორგანული სინთეზი :
_b[3 ნაწილად] : დამხმარე სახელმძღვანელო ქიმ. ფაკ. სტუდენტებისათვის /
260 _bტექნ.კ.უნ–ტი
264 _aთბილისი ;
_b[ტექნ. უნ-ტი],
_c2005.
300 _a63 გვ.
653 _aორგანული სინთეზი
653 _aქიმია
942 _cBK
_2udc